Normal view MARC view
  • Sheikh Iftikhar Ali

Entry Personal Name

Number of records used in: 1

001 - CONTROL NUMBER

  • control field: 25238

003 - CONTROL NUMBER IDENTIFIER

  • control field: NUST

005 - DATE AND TIME OF LATEST TRANSACTION

  • control field: 20191105155720.0

008 - FIXED-LENGTH DATA ELEMENTS

  • fixed length control field: 191105|| aca||aabn | a|a d

040 ## - CATALOGING SOURCE

  • Original cataloging agency: NUST
  • Transcribing agency: NUST

100 ## - HEADING--PERSONAL NAME

  • Personal name: Sheikh Iftikhar Ali

670 ## - SOURCE DATA FOUND

  • Source citation: Work cat.: (NUST): Sheikh Iftikhar Ali, Ph.d /Thesis:Introducing Time Delays in Process Hitting Framework of Biological Regulatory Networks, 2019
© 2023 Central Library, National University of Sciences and Technology. All Rights Reserved.